000 00888nam0a22002531 4500
001 rc\47622
005 20260407081445.0
035 _a(NLR Aleph) 005327531
090 _a6555575
_c6555575
100 _a20021216d1991 u y0rusy50 ca
101 0 _arus
102 _aRU
105 _aa |||||||||
200 1 _aДиффузионные процессы в металлах
_eСб. науч. тр.
_fТул. политехн. ин-т
_g[Редкол.: А.П. Мокров (отв. ред.) и др.]
210 _aТула
_cТПИ
_d1991
215 _a104 с.
_cил.
_d20
320 _aБиблиогр. в конце ст.
702 1 _aМокров
_bА.П.
_4340
712 0 2 _aТульский политехнический институт
_3RU\NLR\AUTH\886982
_9285939
801 0 _aRU
_bNLR
_gpsbo
801 1 _aRU
_bELAR
_2rusmarc
852 _aNLR
_j91-3/12264
942 _cBOOK
980 _aNB